Love & Dr Devon

Bibliographic Details
Main Author: Titchmarsh, Alan
Format: Book
Published: London : Simon and Schuster , 2006
Subjects:

MARC

LEADER 00000cam a2200000 7i4500
001 0000007815
005 20070920.0
008 070906
020 |a 0743207726 
090 0 0 |a TIT   |b ENG 
100 1 |a Titchmarsh, Alan 
245 1 0 |a Love & Dr Devon   |c Alan Titchmarsh 
260 |a London :   |b Simon and Schuster ,   |c 2006 
650 0 |a English fiction 
650 0 |a Novel 
999 |a 0000991484   |b Book   |c Adult Collection   |e Perbadanan Perpustakaan Awam Johor 
999 |a 0000991486   |b Book   |c Adult Collection   |e Perbadanan Perpustakaan Awam Johor